Principles of banking (Record no. 33853)

MARC details
000 -LEADER
fixed length control field 00450nam a2200181Ia 4500
020 ## - INTERNATIONAL STANDARD BOOK NUMBER
ISBN 0- 89982- 353- X
050 ## - CALL MARK
Classification number HG 2491.C647/
100 ## - STATEMENT OF RESPONSIBILITY--MAIN AUTHOR NAME
Personal name Eric N. Compton
245 #0 - TITLE STATEMENT
Title Principles of banking
250 ## - EDITION / VOLUME STATEMENT
Edition / Volume statement 3rd ed.
260 ## - PUBLICATION, DISTRIBUTION, ETC. (IMPRINT)
Name of publisher American bankers association
260 ## - PUBLICATION, DISTRIBUTION, ETC. (IMPRINT)
Year of publication 1988
300 ## - PHYSICAL DESCRIPTION
Number of Pages 403 p
650 ## - SUBJECT ADDED ENTRY--TOPICAL TERM
Topical Term Banks and banking- United States
942 ## - ADDED ENTRY ELEMENTS (KOHA)
Koha item type Books
Holdings
Withdrawn status Lost status Source of classification or shelving scheme Damaged status Not for loan Permanent Location Current Location Date acquired Accession Number Price effective from Koha item type
    Library of Congress Classification     NILE UNIVERSITY OF NIGERIA - MAIN LIBRARY NILE UNIVERSITY OF NIGERIA - MAIN LIBRARY 04/23/2025 0004111 04/23/2025 Books